000 00841nas a2200301 4500
001 BR2016000626
003 BR-BrBNA
005 20231205130225.0
007 ta
008 230509b bl.|||p| |||| 00| 00por d
040 _aBR-BrBNA
_bpor
_cBiblioteca Nacional de Agricultura
041 _a(Pt)
072 _aJ11
100 1 _aFinck, C.
100 1 _aSantana, K.
100 1 _aOliveira, E.B. de
100 1 _aWeirich Neto, P.H.
100 1 _aGarcia, L.C.
245 1 _aExpurgo de grãos de trigo em câmara de lona
650 _aTRIGO
650 _aGRÃO
650 _aGORGULHO
650 _aPRAGA DE PRODUTO ARMAZENADO
650 _aFUMIGAÇÃO
773 0 _tCiência Rural (Brazil)
_xISSN 0103-8478
_g(Dec 2015), v. 45(12) p. 2157-2160
_wBR2016000626
909 _a202311
_bLúcia
_c55
_dLúcia Elande
942 _2AGRIS
_n0
_cANA
999 _c248330
_d248330